It looks like you're offline.
Open Library logo
additional options menu

MARC Record from Library of Congress

Record ID marc_loc_2016/BooksAll.2016.part31.utf8:177947560:723
Source Library of Congress
Download Link /show-records/marc_loc_2016/BooksAll.2016.part31.utf8:177947560:723?format=raw

LEADER: 00723cam a2200241 a 4500
001 2004045963
003 DLC
005 20051020095020.0
008 040226r20041995meu d 000 1 eng
010 $a 2004045963
020 $a078626540X (large print : alk. paper)
040 $aDLC$cDLC$dDLC
050 10 $aPR9619.3.L376$bR43 2004
082 00 $a823/.92$222
100 1 $aLaurens, Stephanie.
245 14 $aThe reasons for marriage /$cStephanie Laurens.
260 $aWaterville, Me. :$bThorndike Press,$c2004.
300 $a448 p. (large print) ;$c23 cm.
650 0 $aCountry life$vFiction.
650 0 $aNobility$vFiction.
650 0 $aLarge type books.
655 7 $aHistorical fiction.$2gsafd
655 7 $aLove stories.$2gsafd